000 00503nam a2200181Ia 4500
003 GCL
008 140319s9999 xx 000 0 ara d
040 _aGCL /
_cGCL
082 0 4 _a610.962
_bن ط
100 1 _aنجيب رياض
245 1 0 _aالطب المصرى القديم /
_cنجيب رياض
490 _aالالف كتاب
_v0
650 0 4 _aمصر
650 0 4 _aالطب العربى
650 0 4 _aالطب المصرى
650 0 4 _aالطب المصرى القديم
942 _2ddc
_cBK
999 _c45322
_d45322